000 00391nam a2200169Ia 4500
005 20250603145839.0
008 250603s9999 xx 000 0 und d
020 _a0781781970676
050 _aTR 267 .I35/
245 4 _aThe concise guide to: Digital photography
260 _aChina
260 _bIgloo books
260 _c2014
300 _a128 p
650 _aChina
942 _cBK
999 _c43031
_d43031